• 首页
  • 本馆介绍
  • 公告通知
  • 最新文献
  • 馆藏检索
  • 电子资源
  • 读者导购
  • 参考咨询
  • 我的图书馆
  • 登录
  • 详细信息显示
  • 放入我的书架
  • 预约/预借图书
  • 作者相关作品
  • 分类相关作品
  • 丛书相关作品
  • 出版社相关作品

书目信息

  • 表格格式
  • 工作单格式
  • 卡片格式
题名:
表生带铀的地球化学
    
 
作者: 叶夫谢耶娃 , Евсеева 著 ;李普洲 , 陈晓秦 译
分册:  
出版信息: 北京   原子能出版社  1980
页数: 270页
开本: 19cm
丛书名:
单 册:
中图分类: P619.14
科图分类:
主题词: 地球化学-铀-表生代 , 表生代-铀-地球化学 , 铀-表生代-地球化学
电子资源:
ISBN:
000 01027nam0 2200301 45
001 0180004243
005 20060911105517.42
010    @dCNY1.20
091    @a15175.237
100    @a19960215d1980 em y0chiy0121 ea
101 1  @achi@crus
102    @aCN@b110000
105    @ay z 000yy
200 10 @a表生带铀的地球化学@Abiao sheng dai you de di qiu hua xue@f(苏)叶夫谢耶娃(Л.С.Евсеева)等著@g李普洲,陈晓秦译
210    @a北京@c原子能出版社@d1980
215    @a270页@d19cm
300    @a书名原文:Геохимия ураиа в зоне гипертенеза
510 1  @aГеохимия ураиа в зоне гипертенеза@zrus
606    @a地球化学-铀-表生代
606    @a表生代-铀-地球化学
606    @a铀-表生代-地球化学
690    @aP619.14@v3
701  1 @a叶夫谢耶娃@Aye fu xie ye wa@bЛ.С.@4著
701 A1 @aЕвсеева@bЛ.С.@4著
702  0 @a李普洲@Ali pu zhou@4译
702  0 @a陈晓秦@Achen xiao qin@4译
801  0 @aCN@bTSSF@c20060911
905    @a10447@dP619.14@e38
    
    表生带铀的地球化学/(苏)叶夫谢耶娃(Л.С.Евсеева)等著/李普洲,陈晓秦译.-北京:原子能出版社,1980
    270页;19cm
    书名原文:Геохимия ураиа в зоне гипертенеза
    
    ISBN :CNY1.20
    
●
相关链接 在E读中查询图书 在五车中查询图书 在当当中查询图书 在豆瓣中查询图书


正题名:表生带铀的地球化学     索取号:P619.14/38         预约/预借

序号 登录号 条形码 馆藏地/架位号 状态 备注
1 0458830   204588302   密集书库/ [索取号:P619.14/38] 在馆    
2 0470523   204705239   密集书库/ [索取号:P619.14/38] 在馆    
唐山师范学院图书馆 欢迎您!
大连网信软件有限公司© 版权所有